ARRUPE JESUIT UNIVERSITY

CORONAVIRUS -STOP THE SPREAD - CLEAN,DISINFECT,COVER

A confissão da leoa / (Record no. 126992)

MARC details
000 -LEADER
fixed length control field 01036cam a22003257a 4500
001 - CONTROL NUMBER
control field 17339332
003 - CONTROL NUMBER IDENTIFIER
control field ARRUPE
005 - DATE AND TIME OF LATEST TRANSACTION
control field 20170929092939.0
008 - FIXED-LENGTH DATA ELEMENTS--GENERAL INFORMATION
fixed length control field 120515s2012 po 000 0 por
010 ## - LIBRARY OF CONGRESS CONTROL NUMBER
LC control number 2012463480
020 ## - INTERNATIONAL STANDARD BOOK NUMBER
International Standard Book Number 9789722125673
035 ## - SYSTEM CONTROL NUMBER
System control number (PT-LiPL)pu120530232
040 ## - CATALOGING SOURCE
Original cataloging agency DLC
Transcribing agency DLC
Modifying agency DLC
042 ## - AUTHENTICATION CODE
Authentication code pcc
050 00 - LIBRARY OF CONGRESS CALL NUMBER
Classification number MLCS 2012/43905 (PQ)
300 ## - PHYSICAL DESCRIPTION
Dimensions 21 cm.
100 1# - MAIN ENTRY--PERSONAL NAME
Personal name Couto, Mia
Dates associated with a name 1955-
9 (RLIN) 12281
245 12 - TITLE STATEMENT
Title A confissão da leoa /
Statement of responsibility, etc Mia Couto.
250 ## - EDITION STATEMENT
Edition statement 2nd. ed.
260 ## - PUBLICATION, DISTRIBUTION, ETC. (IMPRINT)
Place of publication, distribution, etc Maputo :
Name of publisher, distributor, etc Ndajira,
Date of publication, distribution, etc c2012.
300 ## - PHYSICAL DESCRIPTION
Extent 270 p. ;
500 ## - GENERAL NOTE
General note Novel.
500 ## - GENERAL NOTE
General note Author is from Mozambique.
906 ## - LOCAL DATA ELEMENT F, LDF (RLIN)
a 7
b cbc
c origres
d 4
e ncip
f 20
g y-gencatlg
942 ## - ADDED ENTRY ELEMENTS (KOHA)
Source of classification or shelving scheme Library of Congress Classification
Koha item type Monograph ( Printed materials)
Holdings
Withdrawn status Lost status Source of classification or shelving scheme Damaged status Not for loan Collection code Home library Current library Shelving location Date acquired Total Checkouts Full call number Barcode Date last seen Date checked out Copy number Price effective from Koha item type
    Library of Congress Classification     Main Collection ARRUPE LIBRARY ARRUPE LIBRARY Main Collection 29/09/2017 1 PR9408.M87 C6 C6 46500027884 24/10/2017 09/10/2017 1 29/09/2017 Monograph ( Printed materials)
    Library of Congress Classification     Main Collection ARRUPE LIBRARY ARRUPE LIBRARY Main Collection 29/09/2017   PR9408.M87 C6 C6 46500027885 29/09/2017   2 29/09/2017 Monograph ( Printed materials)

 

Arrupe Library. PO Box MP320 Mt Pleasant, Harare, Zimbabwe
263 242 745411|librarian@aju.ac.zw